Linguistics and philosophy
| Previous Title: | Foundations of language |
|---|---|
| Format: | Electronic Journal |
| Language: | English |
| Published: |
Dordrecht, Holland ; Boston :
D. Reidel Publishing Co.,
1977-
Dordrecht, the Netherlands : Kluwer Academic Publishers Dordrecht : Springer Science+Business Media |
| Subjects: | |
| Online Access: | Full text available from Research Library: 02/01/1997 to 1 year ago |
MARC
| LEADER | 00000nas a2200000 a 4500 | ||
|---|---|---|---|
| 001 | ssj0002799 | ||
| 003 | WaSeSS | ||
| 005 | 20200512172242.0 | ||
| 006 | m d | ||
| 007 | cr n | ||
| 008 | 990728c19779999ne br pss o 0 a0eng c | ||
| 010 | |a 2004233305 | ||
| 015 | |a 17,O11 |2 dnb | ||
| 016 | 7 | |a 020267320 |2 DE-101 | |
| 016 | 7 | |a 2009959-9 |2 DE-600 | |
| 016 | 7 | |a 002381363 |2 IsJJNL | |
| 016 | 7 | |a AA00275376 |2 JP-ToKJK | |
| 016 | 7 | |a 012434297 |2 Uk | |
| 022 | |a 1573-0549 |l 0165-0157 |y 0165-0157 | ||
| 030 | |a LIPHD6 | ||
| 035 | |a (WaSeSS)ssj0002799 | ||
| 040 | |a F#A |b eng |e pn |c F#A |d OCLCQ |d MUQ |d OCLCQ |d GUA |d EYM |d HUL |d SERSO |d OCLCQ |d BUF |d CUD |d LND |d OCLCO |d OCLCQ |d OCLCF |d OCLCO |d OCLCQ |d DEFHM |d OCLCO |d DEBBG |d GWDNB |d RCE |d AU@ |d OCLCO |d DLC |d VT2 |d W2U |d J9U |d CEF |d LGG |d QE2 |d UKMGB |d FC@ |d NJR |d UKBOL |d NTG |d NJT |d OCLCO |d OCLCA |d WaSeSS | ||
| 042 | |a pcc | ||
| 050 | 0 | 0 | |a P1.A1 |
| 082 | 0 | 4 | |a 410 |
| 130 | 0 | |a Linguistics and philosophy (Online) | |
| 210 | 1 | |a Linguist. philos. |b (Dordr., Online) | |
| 222 | 0 | |a Linguistics and philosophy |b (Dordrecht. Online) | |
| 245 | 1 | 0 | |a Linguistics and philosophy |h [electronic resource]. |
| 260 | |a Dordrecht, Holland ; |a Boston : |b D. Reidel Publishing Co., |c 1977- | ||
| 260 | 2 | |3 May 1988-2004 : |a Dordrecht, the Netherlands : |b Kluwer Academic Publishers | |
| 260 | 3 | |3 2005- : |a Dordrecht : |b Springer Science+Business Media | |
| 310 | |a Bimonthly, |b 1989- | ||
| 321 | |a Three no. a year, |b 1977-1980 | ||
| 321 | |a Quarterly, |b 1980-1988 | ||
| 362 | 0 | |a Vol. 1, no. 1 (Jan. 1977)- | |
| 500 | |a Title from cover (JSTOR, viewed Jan. 22, 2009). | ||
| 506 | |a License restrictions may limit access. | ||
| 538 | |a Mode of access: World Wide Web. | ||
| 588 | |a Latest issue consulted: Vol. 41, no. 6 (Dec. 2018) (SpringerLink website, viewed Dec. 12, 2018). | ||
| 650 | 0 | |a Linguistics |v Periodicals. | |
| 650 | 0 | |a Language and languages |x Philosophy |v Periodicals. | |
| 650 | 6 | |a Linguistique |v Périodiques | |
| 650 | 6 | |a Langage et langues |x Philosophie |v Périodiques | |
| 650 | 7 | |a Language and languages |x Philosophy. |2 fast |0 (OCoLC)fst00992193 | |
| 650 | 7 | |a Linguistics. |2 fast |0 (OCoLC)fst00999202 | |
| 650 | 7 | |a Sprachphilosophie |2 gnd | |
| 650 | 7 | |a Linguistik |2 gnd | |
| 653 | |a Languages, linguistics and area studies | ||
| 655 | 0 | |a Electronic journals. | |
| 776 | 0 | 8 | |i Print version: |t Linguistics and philosophy |x 0165-0157 |w (DLC) 77641536 |w (OCoLC)3127141 |
| 780 | 0 | 1 | |t Foundations of language |w (DLC) 2009235068 |w (OCoLC)297262767 |
| 850 | |a DLC | ||
| 856 | 4 | 0 | |z Full text available from Research Library: 02/01/1997 to 1 year ago |u https://search.proquest.com/publication/326284 |